000 00366 a2200109 4500
001 ART_2043
005 20260410161722.0
008 260409a
245 1 0 _aAlgunas consideraciones sobre la inducción del personal ingresante
100 1 _aMucci, Ottorino Oscar
773 0 _tAdministración de empresas
_g- Año XIX, Nº 218 (may. 1988)
_wREV2036
999 _c17085
_d17085